[Event "Novosibirsk-ch"]
[Site "Novosibirsk"]
[Date "2010.03.10"]
[Round "7"]
[White "Garder, Igor"]
[Black "Dolgusheva, Izabella"]
[Result "1/2-1/2"]
[WhiteElo "2238"]
[BlackElo "2051"]
[PlyCount "120"]
[EventDate "2010.03.01"]
[EventType "swiss"]
[EventRounds "9"]
[EventCountry "RUS"]
[SourceTitle "CBM 135 Extra"]
[Source "ChessBase"]
[SourceDate "2010.05.04"]
[SourceVersion "1"]
[SourceVersionDate "2010.05.04"]
[SourceQuality "1"]

1. d4 Nf6 2. c4 e6 3. Nc3 Bb4 4. Qc2 c5 5. dxc5 Qc7 6. a3 Bxc5 7. b4 Be7 8. Nb5 Qc6 9. Nf3 d6 10. g3 a6 11. Nbd4 Qe4 12. Bg2 Qxc2 13. Nxc2 Bd7 14. Bb2 0-0 15. 0-0 Rc8 16. Ne3 Bc6 17. Rac1 Nbd7 18. Rfd1 Rd8 19. Bf1 d5 20. cxd5 Nxd5 21. Nc4 Rac8 22. Rd2 Ba4 23. Nd4 N7f6 24. Bg2 b5 25. Na5 Rxc1+ 26. Bxc1 Rc8 27. Ndc6 Kf8 28. Bb2 Ke8 29. h3 Bf8 30. Bd4 Nd7 31. Bxd5 exd5 32. Be3 Nf6 33. Bg5 Ne4 34. Rxd5 f6 35. Bd2 Nd6 36. Rd3 Nc4 37. Nxc4 bxc4 38. Re3+ Kf7 39. Nd4 Bd7 40. h4 Bd6 41. f4 a5 42. Nc2 Ba4 43. Rc3 axb4 44. axb4 g5 45. hxg5 fxg5 46. Kf2 gxf4 47. Bxf4 Be7 48. Ne3 Bxb4 49. Rxc4 Rxc4 50. Nxc4 Ke6 51. Ne5 Bd6 52. Nd3 Be7 53. e4 h5 54. Bb8 Bd1 55. Nf4+ Kf7 56. Ne2 h4 57. g4 Kg6 58. Bf4 Bg5 59. Bh2 Bd2 60. e5 Kg5 1/2-1/2

[Event "Novosibirsk-ch"]
[Site "Novosibirsk"]
[Date "2010.03.02"]
[Round "2"]
[White "Dolgusheva, Izabella"]
[Black "Moskalev, Alexander"]
[Result "1-0"]
[WhiteElo "2051"]
[BlackElo "1957"]
[PlyCount "67"]
[EventDate "2010.03.01"]
[EventType "swiss"]
[EventRounds "9"]
[EventCountry "RUS"]
[SourceTitle "CBM 135 Extra"]
[Source "ChessBase"]
[SourceDate "2010.05.04"]
[SourceVersion "1"]
[SourceVersionDate "2010.05.04"]
[SourceQuality "1"]

1. d4 d5 2. c4 c6 3. Nf3 Nf6 4. e3 Bf5 5. cxd5 cxd5 6. Qb3 Qb6 7. Bb5+ Bd7 8. Nc3 e6 9. Bd2 Be7 10. Ne5 Bxb5 11. Qxb5+ Nbd7 12. Rc1 Rc8 13. 0-0 a6 14. Nxd5 axb5 15. Rxc8+ Qd8 16. Nc7+ Kf8 17. Rxd8+ Bxd8 18. Nxd7+ Nxd7 19. Nxb5 Ke7 20. Bb4+ Kf6 21. e4 Bb6 22. Rc1 Ra8 23. a3 Rd8 24. Kf1 Nb8 25. Bc3 Kg6 26. Rd1 Na6 27. a4 Bc5 28. Rc1 Be7 29. Ke2 Rd7 30. Rd1 Nb8 31. f3 f5 32. d5 fxe4 33. d6 exf3+ 34. gxf3 1-0

[Event "Chigorin Memorial 17th"]
[Site "St Petersburg"]
[Date "2009.10.23"]
[Round "8"]
[White "Balakirev, Ilya"]
[Black "Dolgusheva, Izabella"]
[Result "1-0"]
[WhiteElo "2255"]
[BlackElo "2057"]
[PlyCount "85"]
[EventDate "2009.10.16"]
[EventType "swiss"]
[EventRounds "9"]
[EventCountry "RUS"]
[SourceTitle "CBM 132 Extra"]
[Source "ChessBase"]
[SourceDate "2009.11.03"]
[SourceVersion "1"]
[SourceVersionDate "2009.11.03"]
[SourceQuality "1"]

1. e4 c5 2. Nf3 Nc6 3. Nc3 e6 4. d4 cxd4 5. Nxd4 Qc7 6. f4 a6 7. Be3 d6 8. Qf3 Nf6 9. 0-0-0 Bd7 10. g4 Rc8 11. g5 Nxd4 12. Rxd4 Ng8 13. f5 Ne7 14. fxe6 Bxe6 15. Bh3 Nc6 16. Nd5 Bxd5 17. exd5 Nxd4 18. Qe4+ Be7 19. Bxc8 Ne2+ 20. Kd2 Qxc8 21. Kxe2 0-0 22. Kd1 Re8 23. Qf3 Qc4 24. Rf1 f6 25. b3 Qc3 26. Qe4 Qc8 27. Qf3 Rf8 28. gxf6 Bxf6 29. Qf5 Qe8 30. Rf3 b5 31. Qf4 Qh5 32. Qf5 Qe8 33. Bd2 g6 34. Qf4 Bg7 35. Qg4 Qe5 36. Rxf8+ Bxf8 37. c4 Qa1+ 38. Ke2 Qe5+ 39. Kd3 Qf6 40. Qe6+ Qxe6 41. dxe6 bxc4+ 42. Kxc4 Be7 43. Kd5 1-0

[Event "Chigorin Memorial 17th"]
[Site "St Petersburg"]
[Date "2009.10.16"]
[Round "1"]
[White "Dolgusheva, Izabella"]
[Black "Goganov, Aleksey"]
[Result "0-1"]
[WhiteElo "2057"]
[BlackElo "2442"]
[PlyCount "52"]
[EventDate "2009.10.16"]
[EventType "swiss"]
[EventRounds "9"]
[EventCountry "RUS"]
[SourceTitle "CBM 132 Extra"]
[Source "ChessBase"]
[SourceDate "2009.11.03"]
[SourceVersion "1"]
[SourceVersionDate "2009.11.03"]
[SourceQuality "1"]

1. d4 d5 2. c4 e6 3. Nc3 c6 4. Nf3 Nf6 5. Bg5 h6 6. Bh4 dxc4 7. e3 b5 8. a4 Bb4 9. Nd2 Bb7 10. Be2 Nbd7 11. Bf3 Qb6 12. 0-0 0-0 13. Qc2 a6 14. Bg3 c5 15. Bxb7 Qxb7 16. Bd6 Rfd8 17. Be7 Re8 18. Bxf6 Nxf6 19. dxc5 Bxc5 20. Nce4 Be7 21. Nxf6+ Bxf6 22. Ne4 Be7 23. Rfd1 Red8 24. h3 Rac8 25. Rxd8+ Rxd8 26. Rb1 Rd3 0-1

[Event "RUS Cup Regions"]
[Site "Belgorod"]
[Date "2008.11.28"]
[Round "9"]
[White "Suslova, Alena"]
[Black "Dolgusheva, Izabella"]
[Result "1/2-1/2"]
[WhiteElo "2157"]
[BlackElo "2056"]
[PlyCount "100"]
[EventDate "2008.11.21"]
[EventType "swiss"]
[EventRounds "10"]
[EventCountry "RUS"]
[SourceTitle "EXT 2010"]
[Source "ChessBase"]
[SourceDate "2010.11.25"]
[SourceVersion "1"]
[SourceVersionDate "2010.11.25"]
[SourceQuality "1"]

1. e4 c5 2. Nf3 Nc6 3. Bb5 e6 4. 0-0 Nge7 5. c3 a6 6. Be2 d5 7. exd5 Nxd5 8. d4 Be7 9. dxc5 Bxc5 10. Bd3 h6 11. Qe2 0-0 12. Rd1 Qc7 13. g3 b5 14. a4 b4 15. c4 Nf6 16. Nbd2 Bb7 17. Nb3 Na5 18. Bf4 Qb6 19. Nxa5 Qxa5 20. Ne5 Bd4 21. Bh7+ Nxh7 22. Rxd4 Rfd8 23. Rad1 Rxd4 24. Rxd4 Qxa4 25. Qh5 Rf8 26. Nd7 Qa1+ 27. Rd1 Qxb2 28. Nxf8 Nxf8 29. Qe5 Qb3 30. Rc1 Qf3 31. Kf1 Nd7 32. Qe3 Qg2+ 33. Ke2 Nf6 34. Qd4 Qf3+ 35. Ke1 Ne4 36. Qe3 Qh1+ 37. Ke2 Nc3+ 38. Kd2 Qc6 39. Rxc3 bxc3+ 40. Kxc3 a5 41. Qd4 a4 42. Kb4 f6 43. Qd6 Qe4 44. Be3 Bd5 45. Qf4 Qb1+ 46. Kxa4 Qa2+ 47. Kb4 Qb2+ 48. Kc5 Qa3+ 49. Kb6 Qb3+ 50. Kc5 Qa3+ 1/2-1/2

[Event "SibFR-ch U18 Girls"]
[Site "Tomsk"]
[Date "2008.11.07"]
[Round "7"]
[White "Dolgusheva, Izabella"]
[Black "Trapeznikova, Darya"]
[Result "1-0"]
[WhiteElo "2056"]
[BlackElo "1936"]
[PlyCount "95"]
[EventDate "2008.11.01"]
[EventType "swiss"]
[EventRounds "9"]
[EventCountry "RUS"]
[SourceTitle "EXT 2022"]
[Source "ChessBase"]
[SourceDate "2021.10.06"]
[SourceVersion "1"]
[SourceVersionDate "2021.10.06"]
[SourceQuality "1"]

1. d4 a6 2. c4 b5 3. cxb5 axb5 4. e4 c6 5. f3 Nf6 6. Bd3 g6 7. Ne2 Bg7 8. 0-0 0-0 9. Be3 d6 10. Qd2 Be6 11. a3 Nbd7 12. Nbc3 Qb8 13. b4 Nb6 14. Rfb1 Rd8 15. Qc2 d5 16. e5 Ne8 17. Bf2 Bc8 18. Nc1 Nc7 19. Nb3 Nc4 20. a4 bxa4 21. Nxa4 Ba6 22. Nac5 Bb5 23. Rxa8 Nxa8 24. Bxc4 Bxc4 25. Na5 Bb5 26. e6 Nb6 27. Qd2 Nc4 28. Qe1 f6 29. Bg3 Qb6 30. Nxc4 Bxc4 31. Bf2 Ra8 32. Be3 Ra2 33. Ra1 Qa7 34. Rxa2 Qxa2 35. Qc1 f5 36. h3 f4 37. Bf2 Qe2 38. Qxf4 Bf6 39. Bh4 Kg7 40. Bxf6+ exf6 41. Qc7+ Kh6 42. Kh2 Qe3 43. Qd6 Bf1 44. Qf8+ Kg5 45. h4+ Kxh4 46. Qxf6+ Kh5 47. Qe5+ Qxe5+ 48. dxe5 1-0

[Event "Novosibirsk Sukharev Memorial op"]
[Site "Novosibirsk"]
[Date "2008.07.26"]
[Round "?"]
[White "Dolgusheva, Izabella"]
[Black "Okladnikov, Gennady"]
[Result "1-0"]
[WhiteElo "2013"]
[BlackElo "2177"]
[PlyCount "91"]
[EventDate "2008.07.20"]
[EventType "swiss"]
[EventRounds "9"]
[EventCountry "RUS"]
[SourceTitle "EXT 2022"]
[Source "ChessBase"]
[SourceDate "2021.10.06"]
[SourceVersion "1"]
[SourceVersionDate "2021.10.06"]
[SourceQuality "1"]

1. Nf3 Nf6 2. c4 g6 3. b3 Bg7 4. Bb2 d6 5. d4 0-0 6. g3 c6 7. Bg2 a5 8. Nc3 Bf5 9. 0-0 Ne4 10. Nd2 Nxc3 11. Bxc3 Qb6 12. e4 Bc8 13. e5 dxe5 14. dxe5 Bf5 15. Qe2 Rd8 16. Be4 Be6 17. Nf3 Na6 18. Qb2 h6 19. Rfe1 a4 20. Rad1 axb3 21. axb3 Nc5 22. Bc2 Rxd1 23. Rxd1 Bg4 24. Kg2 Ne6 25. Be4 Nc5 26. Bc2 Qc7 27. Re1 Qc8 28. Ng1 b6 29. e6 Bxc3 30. exf7+ Kxf7 31. Qxc3 Bf5 32. Qf3 h5 33. b4 Nb7 34. h3 Ke8 35. Bxf5 gxf5 36. Qxh5+ Kd8 37. Qh8+ Kd7 38. Qe5 Qf8 39. Qe6+ Kc7 40. Nf3 Nd6 41. c5 Ne4 42. Nd4 Qf6 43. Qxf6 Nxf6 44. Rxe7+ Kd8 45. Nxc6+ Kc8 46. cxb6 1-0

[Event "Novosibirsk Sukharev Memorial op"]
[Site "Novosibirsk"]
[Date "2008.07.25"]
[Round "?"]
[White "Kuznetsov, Evgeny"]
[Black "Dolgusheva, Izabella"]
[Result "0-1"]
[WhiteElo "2188"]
[BlackElo "2013"]
[PlyCount "50"]
[EventDate "2008.07.20"]
[EventType "swiss"]
[EventRounds "9"]
[EventCountry "RUS"]
[SourceTitle "EXT 2022"]
[Source "ChessBase"]
[SourceDate "2021.10.06"]
[SourceVersion "1"]
[SourceVersionDate "2021.10.06"]
[SourceQuality "1"]

1. e4 c5 2. Nf3 Nc6 3. Bb5 e6 4. Bxc6 bxc6 5. e5 Qc7 6. d3 f6 7. exf6 Nxf6 8. c4 e5 9. Qe2 d6 10. h3 Be7 11. 0-0 0-0 12. Nc3 Bd7 13. Bg5 Rae8 14. Rac1 Nh5 15. Bxe7 Rxe7 16. Ne4 Nf4 17. Qe3 Re6 18. h4 Rg6 19. Ng3 Bg4 20. Ng5 h6 21. N5e4 Qe7 22. f3 Bh5 23. Kf2 d5 24. cxd5 cxd5 25. Qxc5 Nxd3+ 0-1

[Event "Novosibirsk Polyak Memorial"]
[Site "Novosibirsk"]
[Date "2008.01.23"]
[Round "3"]
[White "Dolgusheva, Izabella"]
[Black "Chugaev, Konstantin"]
[Result "1-0"]
[WhiteElo "2027"]
[BlackElo "2056"]
[PlyCount "97"]
[EventDate "2008.01.21"]
[EventType "tourn"]
[EventRounds "9"]
[EventCountry "RUS"]
[SourceTitle "EXT 2010"]
[Source "ChessBase"]
[SourceDate "2010.11.25"]
[SourceVersion "1"]
[SourceVersionDate "2010.11.25"]
[SourceQuality "1"]

1. Nf3 b6 2. g3 Bb7 3. Bg2 Nf6 4. d4 e6 5. c4 Be7 6. 0-0 0-0 7. d5 exd5 8. Nh4 c6 9. cxd5 Nxd5 10. Nf5 Nc7 11. e4 d5 12. Qg4 g6 13. Bh6 Re8 14. Nxe7+ Qxe7 15. exd5 Nxd5 16. Nd2 Nd7 17. Rae1 Qxe1 18. Rxe1 Rxe1+ 19. Nf1 Re6 20. Qd4 N7f6 21. b4 Rd8 22. Ne3 Rde8 23. Bxd5 cxd5 24. g4 Rc8 25. b5 Rc5 26. a4 Ne8 27. f3 f6 28. Kf2 Kf7 29. g5 Rc7 30. Kg2 Nd6 31. Ng4 Rc4 32. Qb2 Nf5 33. gxf6 Rxg4+ 34. fxg4 Nxh6 35. g5 Nf5 36. Qc1 Ne3+ 37. Kg1 Nc4 38. Qf4 Re1+ 39. Kf2 Re5 40. Qh4 Nd6 41. Qxh7+ Kf8 42. Qg7+ Ke8 43. Qxg6+ Kd8 44. f7 Nxf7 45. Qxf7 Bc8 46. Qf6+ Re7 47. g6 Be6 48. g7 Bg8 49. Qd6+ 1-0